Normas Técnicas para Incrementar la Productividad y la Calidad de Fibra de Henequen / (Record no. 183866)
[ view plain ]
| 000 -CABECERA | |
|---|---|
| campo de control de longitud fija | 00621nam a2200157Ia 4500 |
| 001 - NÚMERO DE CONTROL | |
| campo de control | IA_4441,08/10/2007,31/08/2011,0000001984 mx A 0000000000spa00," |
| 008 - DATOS DE LONGITUD FIJA--INFORMACIÓN GENERAL | |
| campo de control de longitud fija | 220117s xx 000 0 und d |
| 010 ## - NÚMERO DE CONTROL DE LA BIBLIOTECA DEL CONGRESO | |
| Número de control de LC | 183866 |
| 090 ## - LOCALMENTE ASIGNADO TIPO-LC NÚMERO DE CLASIFICACIÓN (OCLC); NÚMERO DE CLASIFICACIÓN LOCAL (RLIN) | |
| Número de clasificación (OCLC) (R) ; Numero de clasificación, CALL (RLIN) (NR) | Folleto 2359 |
| 100 ## - ENTRADA PRINCIPAL--NOMBRE DE PERSONA | |
| Nombre de persona | Instituto Nacional de Investigaciones Agrícolas. México |
| 9 (RLIN) | 155670 |
| 245 ## - MENCIÓN DE TÍTULO | |
| Título | Normas Técnicas para Incrementar la Productividad y la Calidad de Fibra de Henequen / |
| Mención de responsabilidad, etc. | Inia |
| 260 ## - PUBLICACIÓN, DISTRIBUCIÓN, ETC. | |
| Lugar de publicación, distribución, etc. | México : |
| Nombre del editor, distribuidor, etc. | Centro de Investigaciones Agrícolas de la Peninsula de Yucatán, |
| 300 ## - DESCRIPCIÓN FÍSICA | |
| Extensión | 48 p. |
| 500 ## - NOTA GENERAL | |
| Nota general | S/c |
| 650 ## - PUNTO DE ACCESO ADICIONAL DE MATERIA--TÉRMINO DE MATERIA | |
| Término de materia o nombre geográfico como elemento de entrada | Henequen |
| 9 (RLIN) | 53567 |
No items available.
